[Event "Alushta4"]
[Site "Alushta"]
[Date "1994.??.??"]
[Round "9"]
[White "Adorjan, Andras"]
[Black "Malaniuk, Vladimir"]
[Result "1/2-1/2"]
[WhiteElo "2565"]
[BlackElo "2595"]
[PlyCount "33"]
[EventDate "1994.??.??"]
[EventType "tourn"]
[EventRounds "9"]
[EventCountry "UKR"]
[EventCategory "13"]
[Source "ChessBase"]
[SourceDate "1994.10.01"]
[WhiteTeamCountry "RUS"]
[BlackTeamCountry "HUN"]

1. d4 f5 2. Nf3 Nf6 3. g3 g6 4. Bg2 Bg7 5. O-O O-O 6. c4 d6 7. Nc3 Qe8 8. d5
Na6 9. Rb1 Nc5 10. Nd4 e5 11. dxe6 Nxe6 12. Nxe6 Qxe6 13. Qd3 Re8 14. Nd5 Qf7
15. Nxf6+ Bxf6 16. b3 Rb8 17. Be3 1/2-1/2

[Event "Budapest act op"]
[Site "Budapest"]
[Date "1995.??.??"]
[Round "?"]
[White "Berta, Krisztian"]
[Black "Adorjan, Andras"]
[Result "0-1"]
[WhiteElo "2245"]
[BlackElo "2530"]
[PlyCount "80"]
[EventDate "1995.??.??"]
[EventType "swiss (rapid)"]
[EventRounds "7"]
[EventCountry "HUN"]
[Source "ChessBase"]
[SourceDate "2001.11.25"]
[WhiteTeamCountry "RUS"]
[BlackTeamCountry "HUN"]

1. e4 c5 2. Nc3 e6 3. f4 d5 4. Nf3 dxe4 5. Bb5+ Bd7 6. Bxd7+ Nxd7 7. Nxe4 Nh6
8. O-O Be7 9. d3 O-O 10. h3 Nf5 11. g4 Nd6 12. Be3 Qc7 13. Qe2 c4 14. Nxd6 Bxd6
15. Nd4 cxd3 16. Qxd3 Nc5 17. Qe2 a6 18. f5 Be5 19. fxe6 fxe6 20. Rxf8+ Rxf8
21. Rf1 Rf6 22. Rxf6 Bxf6 23. Qf3 Qd7 24. c3 Na4 25. g5 Bxd4 26. Bxd4 Nxb2 27.
Qe2 Na4 28. Qe5 b5 29. h4 Nb2 30. h5 Nc4 31. Qb8+ Kf7 32. h6 e5 33. hxg7 Qg4+
34. Kf2 Qf5+ 35. Ke2 Kxg7 36. Qc7+ Kg6 37. Qc6+ Kxg5 38. Be3+ Nxe3 39. Kxe3
Qf4+ 40. Ke2 Qc4+ 0-1

[Event "Budapest act op"]
[Site "Budapest"]
[Date "1995.??.??"]
[Round "?"]
[White "Borcsok, Laszlo"]
[Black "Adorjan, Andras"]
[Result "0-1"]
[WhiteElo "2185"]
[BlackElo "2530"]
[PlyCount "100"]
[EventDate "1995.??.??"]
[EventType "swiss (rapid)"]
[EventRounds "7"]
[EventCountry "HUN"]
[Source "ChessBase"]
[SourceDate "2001.11.25"]
[WhiteTeamCountry "RUS"]
[BlackTeamCountry "HUN"]

1. e4 c5 2. Nc3 e6 3. g3 d5 4. exd5 exd5 5. d4 cxd4 6. Qxd4 Nf6 7. Bg2 Nc6 8.
Qd1 Bg4 9. Bf3 Bxf3 10. Nxf3 d4 11. Qe2+ Be7 12. Ne4 O-O 13. O-O Re8 14. Nxf6+
Bxf6 15. Qd3 Nb4 16. Qb3 Qd5 17. Qxd5 Nxd5 18. Rd1 Nb4 19. Bf4 Nxc2 20. Rac1
Re2 21. Kf1 Rae8 22. Ng1 d3 23. Rxd3 Re1+ 24. Rxe1 Rxe1+ 25. Kg2 g5 26. Bb8 Ra1
27. Rb3 Ne1+ 28. Kh3 h5 29. g4 Rxa2 30. Rxb7 Nd3 31. Bxa7 Bxb2 32. Be3 Bf6 33.
gxh5 Nxf2+ 34. Kg2 Nd1+ 35. Kf3 Ra3 36. Ke4 Rxe3+ 37. Kf5 Re6 38. Kg4 Kg7 39.
Nf3 Re4+ 40. Kg3 g4 41. h6+ Kxh6 42. Nd2 Rd4 43. Nb3 Be5+ 44. Kg2 Rd3 45. Rb5
f6 46. Rb7 Rh3 47. Rb5 Rxh2+ 48. Kg1 g3 49. Rd5 Nf2 50. Nd2 Nh3+ 0-1

[Event "Budapest act op"]
[Site "Budapest"]
[Date "1995.??.??"]
[Round "?"]
[White "Csiszar, Csaba"]
[Black "Adorjan, Andras"]
[Result "0-1"]
[WhiteElo "2380"]
[BlackElo "2530"]
[PlyCount "82"]
[EventDate "1995.??.??"]
[EventType "swiss (rapid)"]
[EventRounds "7"]
[EventCountry "HUN"]
[Source "ChessBase"]
[SourceDate "2001.11.25"]
[WhiteTeamCountry "RUS"]
[BlackTeamCountry "HUN"]

1. d4 Nf6 2. c4 g6 3. Nc3 d5 4. Nf3 Bg7 5. Bg5 Ne4 6. Bh4 Nxc3 7. bxc3 dxc4 8.
e3 b5 9. Qc2 Bf5 10. e4 Bg4 11. Be2 c5 12. e5 Qd5 13. a4 cxd4 14. cxd4 Nc6 15.
O-O Nxd4 16. Nxd4 Qxd4 17. Rfd1 Bf5 18. Rxd4 Bxc2 19. f4 Bxa4 20. Bxc4 h6 21.
Bd5 Rc8 22. Rf1 Rc7 23. Be1 O-O 24. Ba5 Rc2 25. Bb4 Re8 26. Be4 Rb2 27. Ba3 Ra2
28. Bc5 a5 29. Bc6 Rc8 30. Bd5 Rb2 31. Bxe7 b4 32. h4 Bb3 33. Be4 Be6 34. Ra1
Re2 35. Rad1 h5 36. Rd6 Kh7 37. Rb6 Rc4 38. Bb1 Rb2 39. Bg5 a4 40. Bd3 Rc3 41.
Rb8 Bg4 0-1

[Event "Budapest act op"]
[Site "Budapest"]
[Date "1995.??.??"]
[Round "?"]
[White "Csorba, Janos"]
[Black "Adorjan, Andras"]
[Result "1-0"]
[WhiteElo "2135"]
[BlackElo "2530"]
[PlyCount "45"]
[EventDate "1995.??.??"]
[EventType "swiss (rapid)"]
[EventRounds "7"]
[EventCountry "HUN"]
[Source "ChessBase"]
[SourceDate "2001.11.25"]
[WhiteTeamCountry "RUS"]
[BlackTeamCountry "HUN"]

1. e4 c5 2. Nf3 d6 3. d4 Nf6 4. Nc3 cxd4 5. Nxd4 a6 6. f3 Nbd7 7. Be3 b5 8. Qd2
Bb7 9. g4 h6 10. h4 Rc8 11. Bh3 b4 12. Nce2 e5 13. Nf5 d5 14. g5 hxg5 15. hxg5
d4 16. gxf6 dxe3 17. Nd6+ Bxd6 18. Qxd6 Rh6 19. O-O-O Bc6 20. Bxd7+ Qxd7 21.
Qxe5+ Qe6 22. Qxe6+ fxe6 23. fxg7 1-0

[Event "Budapest act op"]
[Site "Budapest"]
[Date "1995.??.??"]
[Round "?"]
[White "Francsics, Endre"]
[Black "Adorjan, Andras"]
[Result "1-0"]
[WhiteElo "2210"]
[BlackElo "2530"]
[PlyCount "41"]
[EventDate "1995.??.??"]
[EventType "swiss (rapid)"]
[EventRounds "7"]
[EventCountry "HUN"]
[Source "ChessBase"]
[SourceDate "2001.11.25"]
[WhiteTeamCountry "RUS"]
[BlackTeamCountry "HUN"]

1. d3 b6 2. Nf3 Bb7 3. e4 c5 4. c4 g6 5. Nc3 Bg7 6. Bf4 Nc6 7. Qd2 d6 8. h4 Nf6
9. Be2 Ng4 10. h5 O-O 11. Ng5 e5 12. hxg6 hxg6 13. Bxg4 exf4 14. Qxf4 Nb4 15.
Kd2 b5 16. Ne6 Bxc3+ 17. bxc3 fxe6 18. Rh8+ Kg7 19. Qh6+ Kf6 20. Rh7 Nxd3 21.
f4 1-0

[Event "Budapest act op"]
[Site "Budapest"]
[Date "1995.??.??"]
[Round "?"]
[White "Peredy, Ferenc"]
[Black "Adorjan, Andras"]
[Result "1/2-1/2"]
[WhiteElo "2230"]
[BlackElo "2530"]
[PlyCount "56"]
[EventDate "1995.??.??"]
[EventType "swiss (rapid)"]
[EventRounds "7"]
[EventCountry "HUN"]
[Source "ChessBase"]
[SourceDate "2001.11.25"]
[WhiteTeamCountry "RUS"]
[BlackTeamCountry "HUN"]

1. e4 c5 2. c3 g6 3. d4 cxd4 4. cxd4 d5 5. e5 Bg7 6. h3 Nc6 7. Nf3 f6 8. exf6
Nxf6 9. Nc3 Ne4 10. Qb3 Nxc3 11. bxc3 O-O 12. Be2 b6 13. O-O Bb7 14. Bg5 Qd6
15. Bh4 Rac8 16. Rfe1 Kh8 17. Bb5 Rxf3 18. gxf3 Qf4 19. Bg3 Qf7 20. Qa3 e6 21.
Qd6 Nd8 22. Bd7 Rxc3 23. Bxe6 Nxe6 24. Rxe6 Rxf3 25. Re7 Rxg3+ 26. fxg3 Bxd4+
27. Kg2 Qf2+ 28. Kh1 Qf3+ 1/2-1/2

[Event "HUN-chT"]
[Site "Hungary"]
[Date "1995.??.??"]
[Round "?"]
[White "Adorjan, Andras"]
[Black "Bilek, Istvan"]
[Result "1-0"]
[WhiteElo "2530"]
[BlackElo "2395"]
[PlyCount "63"]
[EventDate "1995.??.??"]
[EventType "team"]
[EventRounds "13"]
[EventCountry "HUN"]
[Source "ChessBase"]
[SourceDate "1996.11.15"]
[WhiteTeamCountry "RUS"]
[BlackTeamCountry "HUN"]

1. e4 c5 2. Nf3 Nc6 3. d4 cxd4 4. Nxd4 Qb6 5. Nb3 Nf6 6. Nc3 e6 7. Bd3 Bb4 8.
O-O a6 9. Bf4 h6 10. e5 Bxc3 11. bxc3 Nd5 12. Qg4 Nxf4 13. Qxf4 Qc7 14. Rfe1 b6
15. Nd2 b5 16. a4 Bb7 17. axb5 axb5 18. Rxa8+ Bxa8 19. c4 bxc4 20. Nxc4 O-O 21.
Qe4 f5 22. exf6 Rxf6 23. Re3 Qf4 24. Qxf4 Rxf4 25. Nb6 Bb7 26. Nxd7 Kf7 27. Be4
Na5 28. Nc5 Bxe4 29. Rxe4 Rf5 30. Nxe6 Nc6 31. Nd4 Rc5 32. Nxc6 1-0

[Event "HUN-chT"]
[Site "Hungary"]
[Date "1995.??.??"]
[Round "?"]
[White "Adorjan, Andras"]
[Black "Chernin, Alexander"]
[Result "0-1"]
[WhiteElo "2530"]
[BlackElo "2600"]
[PlyCount "60"]
[EventDate "1995.??.??"]
[EventType "team"]
[EventRounds "13"]
[EventCountry "HUN"]
[Source "ChessBase"]
[SourceDate "1996.11.15"]
[WhiteTeamCountry "RUS"]
[BlackTeamCountry "HUN"]

1. e4 e6 2. d4 d5 3. Nc3 Bb4 4. e5 Ne7 5. Bd2 b6 6. Nf3 Ba6 7. Bxa6 Nxa6 8. Ne2
Bxd2+ 9. Qxd2 c5 10. c3 Rc8 11. h4 cxd4 12. cxd4 Qd7 13. O-O O-O 14. Nf4 Nb8
15. Nh5 Ng6 16. Rac1 Rxc1 17. Rxc1 Rc8 18. Nh2 Rxc1+ 19. Qxc1 Qc6 20. Qg5 Qc8
21. Ng4 Nd7 22. Nxg7 Kxg7 23. h5 Qf8 24. hxg6 hxg6 25. Qh6+ Kg8 26. Nf6+ Nxf6
27. Qxf8+ Kxf8 28. exf6 g5 29. f4 Kg8 30. Kf2 Kh7 0-1

[Event "HUN-chT"]
[Site "Hungary"]
[Date "1995.??.??"]
[Round "?"]
[White "Adorjan, Andras"]
[Black "Farago, Ivan"]
[Result "1/2-1/2"]
[WhiteElo "2530"]
[BlackElo "2515"]
[PlyCount "36"]
[EventDate "1995.??.??"]
[EventType "team"]
[EventRounds "13"]
[EventCountry "HUN"]
[Source "ChessBase"]
[SourceDate "1996.11.15"]
[WhiteTeamCountry "RUS"]
[BlackTeamCountry "HUN"]

1. d4 Nf6 2. c4 e6 3. Nf3 d5 4. Nc3 c5 5. cxd5 Nxd5 6. e4 Nxc3 7. bxc3 cxd4 8.
cxd4 Nc6 9. Bc4 Bb4+ 10. Bd2 Bxd2+ 11. Qxd2 O-O 12. O-O b6 13. Rad1 Bb7 14. Qf4
Qf6 15. Qc7 Na5 16. Bd3 Rac8 17. Qg3 Qg6 18. Qf4 Qf6 1/2-1/2

[Event "HUN-chT"]
[Site "Hungary"]
[Date "1995.??.??"]
[Round "?"]
[White "Adorjan, Andras"]
[Black "Fogarasi, Tibor"]
[Result "1-0"]
[WhiteElo "2530"]
[BlackElo "2500"]
[PlyCount "51"]
[EventDate "1995.??.??"]
[EventType "team"]
[EventRounds "13"]
[EventCountry "HUN"]
[Source "ChessBase"]
[SourceDate "1996.11.15"]
[WhiteTeamCountry "RUS"]
[BlackTeamCountry "HUN"]

1. Nf3 Nf6 2. c4 g6 3. g3 Bg7 4. Bg2 O-O 5. d4 d5 6. O-O dxc4 7. Na3 c3 8. bxc3
c5 9. e3 Nc6 10. Bb2 Qc7 11. Qe2 e5 12. Nb5 Qb8 13. dxc5 e4 14. Nfd4 Bg4 15.
Qc2 Qe5 16. Nd6 Qxc5 17. Nxe4 Nxe4 18. Qxe4 Ne5 19. a4 Rfe8 20. Qxb7 Nd3 21.
Qb5 Qxb5 22. axb5 Nxb2 23. b6 a5 24. Rfb1 Nc4 25. Bxa8 Rxa8 26. b7 1-0

[Event "HUN-chT"]
[Site "Hungary"]
[Date "1995.??.??"]
[Round "?"]
[White "Adorjan, Andras"]
[Black "Poor, Istvan"]
[Result "1/2-1/2"]
[WhiteElo "2530"]
[BlackElo "2305"]
[PlyCount "48"]
[EventDate "1995.??.??"]
[EventType "team"]
[EventRounds "13"]
[EventCountry "HUN"]
[Source "ChessBase"]
[SourceDate "1996.11.15"]
[WhiteTeamCountry "RUS"]
[BlackTeamCountry "HUN"]

1. d4 g6 2. Nf3 Bg7 3. c4 Nf6 4. g3 O-O 5. Bg2 d6 6. O-O Nc6 7. Nc3 a6 8. b3
Rb8 9. Nd5 Ne4 10. Bb2 f5 11. Qc2 e6 12. Ne3 Ng5 13. Nxg5 Qxg5 14. f4 Qf6 15.
Bxc6 bxc6 16. c5 d5 17. Ng2 g5 18. Rad1 g4 19. Bc3 Qe7 20. Ne1 h5 21. Nd3 h4
22. e3 h3 23. Ba5 Rb5 24. Qc3 Rb7 1/2-1/2

[Event "HUN-chT"]
[Site "Hungary"]
[Date "1995.??.??"]
[Round "?"]
[White "Adorjan, Andras"]
[Black "Szekely, Peter"]
[Result "1/2-1/2"]
[WhiteElo "2530"]
[BlackElo "2455"]
[PlyCount "42"]
[EventDate "1995.??.??"]
[EventType "team"]
[EventRounds "13"]
[EventCountry "HUN"]
[Source "ChessBase"]
[SourceDate "1996.11.15"]
[WhiteTeamCountry "RUS"]
[BlackTeamCountry "HUN"]

1. g3 g6 2. Bg2 Bg7 3. f4 c5 4. Nf3 Nc6 5. O-O d6 6. d3 e6 7. c3 Nge7 8. e4 O-O
9. Be3 b6 10. d4 Bb7 11. Nbd2 cxd4 12. cxd4 Qd7 13. Rc1 Rac8 14. Qa4 d5 15.
Rfd1 Rfd8 16. Kh1 dxe4 17. Nxe4 Nb4 18. Qxd7 Rxd7 19. Ne5 Rdc7 20. Rxc7 Rxc7
21. Bd2 Nf5 1/2-1/2

[Event "HUN-chT"]
[Site "Hungary"]
[Date "1995.??.??"]
[Round "?"]
[White "Kallai, Gabor"]
[Black "Adorjan, Andras"]
[Result "1-0"]
[WhiteElo "2500"]
[BlackElo "2530"]
[PlyCount "103"]
[EventDate "1995.??.??"]
[EventType "team"]
[EventRounds "13"]
[EventCountry "HUN"]
[Source "ChessBase"]
[SourceDate "1996.11.15"]
[WhiteTeamCountry "RUS"]
[BlackTeamCountry "HUN"]

1. d4 Nf6 2. c4 c5 3. d5 b5 4. Nf3 g6 5. Qc2 Bg7 6. e4 O-O 7. cxb5 a6 8. Nc3 d6
9. a4 axb5 10. Bxb5 Na6 11. O-O Nb4 12. Qe2 Bg4 13. h3 Bxf3 14. Qxf3 Nc2 15.
Rb1 e6 16. Qd3 Nd4 17. Be3 Nd7 18. f4 Nb6 19. Kh1 Qc7 20. b3 exd5 21. Bxd4 dxe4
22. Qxe4 Bxd4 23. Nd5 Nxd5 24. Qxd5 Qe7 25. Rbe1 Qf6 26. g4 Ra7 27. Re2 Kg7 28.
Kg2 Rb8 29. g5 Qd8 30. Rfe1 Bc3 31. Rc1 Bb4 32. Rc4 Re7 33. Rce4 Rbb7 34. f5
gxf5 35. Qxf5 Bc3 36. Bd3 Rxe4 37. Bxe4 Rxb3 38. Bd5 Rb2 39. Qxf7+ Kh8 40. Rxb2
Bxb2 41. h4 c4 42. a5 Qc8 43. Qe6 Qf8 44. a6 Bd4 45. Qf7 Qxf7 46. Bxf7 c3 47.
Bb3 d5 48. h5 Kg7 49. Kf3 Kf8 50. Ke2 Ke7 51. Kd3 Ba7 52. Bxd5 1-0

[Event "HUN-chT"]
[Site "Hungary"]
[Date "1995.??.??"]
[Round "?"]
[White "Sherzer, Alex"]
[Black "Adorjan, Andras"]
[Result "0-1"]
[WhiteElo "2490"]
[BlackElo "2530"]
[PlyCount "86"]
[EventDate "1995.??.??"]
[EventType "team"]
[EventRounds "13"]
[EventCountry "HUN"]
[Source "ChessBase"]
[SourceDate "1996.11.15"]
[WhiteTeamCountry "RUS"]
[BlackTeamCountry "HUN"]

1. e4 c5 2. Nf3 e6 3. d4 cxd4 4. Nxd4 Nf6 5. Nc3 d6 6. Be2 Be7 7. O-O O-O 8. f4
a6 9. a4 Nc6 10. Kh1 Qc7 11. Be3 Re8 12. Qe1 e5 13. fxe5 dxe5 14. Qg3 Nxd4 15.
Bxd4 Bd8 16. Be3 Kh8 17. Rad1 Be6 18. Bg5 Be7 19. Qh4 Rad8 20. Rd3 Ng8 21. Rg3
Bxg5 22. Qxg5 f6 23. Qh4 Rd4 24. Bg4 Bf7 25. Bh5 Red8 26. Rh3 Nh6 27. Be2 Bc4
28. Bxc4 Qxc4 29. Rhf3 Nf7 30. b3 Qc6 31. Qh5 Nd6 32. Rh3 h6 33. Rxf6 Kg8 34.
Rg3 Qe8 35. Rfg6 Rd7 36. Qxh6 Nf5 37. Qc1 Nxg3+ 38. Rxg3 Qh5 39. Rf3 Qg5 40.
Qf1 Rd2 41. Nd5 Rxc2 42. h3 Rc1 43. Rf8+ Kh7 0-1

[Event "HUN-chT"]
[Site "Hungary"]
[Date "1995.??.??"]
[Round "?"]
[White "Szuk, Balazs"]
[Black "Adorjan, Andras"]
[Result "1-0"]
[WhiteElo "2335"]
[BlackElo "2530"]
[PlyCount "67"]
[EventDate "1995.??.??"]
[EventType "team"]
[EventRounds "13"]
[EventCountry "HUN"]
[Source "ChessBase"]
[SourceDate "1996.11.15"]
[WhiteTeamCountry "RUS"]
[BlackTeamCountry "HUN"]

1. e4 c6 2. d4 d5 3. exd5 cxd5 4. c4 Nf6 5. Nc3 Nc6 6. Nf3 Bg4 7. cxd5 Nxd5 8.
Qb3 Bxf3 9. gxf3 e6 10. Qxb7 Nxd4 11. Bb5+ Nxb5 12. Qc6+ Ke7 13. Qxb5 Qd7 14.
Nxd5+ Qxd5 15. Bg5+ f6 16. Qxd5 exd5 17. Be3 Ke6 18. O-O-O Bb4 19. Rd3 Rhd8 20.
Kb1 a6 21. h4 Rac8 22. a3 Bc5 23. Re1 Kf7 24. Red1 Bxe3 25. fxe3 Re8 26. Rb3
Rc5 27. Rdd3 a5 28. Rd4 Re5 29. Rb7+ Kg6 30. Rg4+ Kf5 31. Rgxg7 Rxe3 32. Rxh7
Rxf3 33. Rb6 d4 34. Rh5+ 1-0

[Event "HUN-chT"]
[Site "Hungary"]
[Date "1995.??.??"]
[Round "?"]
[White "Wells, Peter"]
[Black "Adorjan, Andras"]
[Result "0-1"]
[WhiteElo "2530"]
[BlackElo "2530"]
[PlyCount "48"]
[EventDate "1995.??.??"]
[EventType "team"]
[EventRounds "13"]
[EventCountry "HUN"]
[Source "ChessBase"]
[SourceDate "1996.11.15"]
[WhiteTeamCountry "RUS"]
[BlackTeamCountry "HUN"]

1. d4 Nf6 2. c4 b6 3. Nc3 Bb7 4. Qc2 d5 5. cxd5 Nxd5 6. Nf3 g6 7. Bd2 Bg7 8. e4
Nf6 9. O-O-O O-O 10. h4 Ng4 11. Bf4 Nc6 12. d5 Nb4 13. Qd2 c6 14. a3 a5 15.
dxc6 Nxc6 16. Bb5 e5 17. Qe2 Qc8 18. Be3 Nxe3 19. fxe3 Na7 20. Kb1 Nxb5 21.
Qxb5 Qg4 22. Nxe5 Qxg2 23. Rhg1 Qh2 24. Nf3 Qf2 0-1

[Event "HUN-chT 9596"]
[Site "Hungary"]
[Date "1995.??.??"]
[Round "2"]
[White "Adorjan, Andras"]
[Black "Ruck, Robert"]
[Result "1-0"]
[WhiteElo "2530"]
[BlackElo "2460"]
[PlyCount "83"]
[EventDate "1995.??.??"]
[EventType "team"]
[EventRounds "13"]
[EventCountry "HUN"]
[Source "ChessBase"]
[SourceDate "1999.11.16"]
[WhiteTeamCountry "RUS"]
[BlackTeamCountry "HUN"]

1. c4 e5 2. g3 Nf6 3. Bg2 d5 4. cxd5 Nxd5 5. Nf3 Nc6 6. d3 Be7 7. a3 O-O 8.
Nbd2 Re8 9. b3 Bg4 10. h3 Bh5 11. Bb2 Bc5 12. O-O a5 13. Qc2 Bd4 14. Rfe1 Qd7
15. Rac1 Rad8 16. Qb1 f5 17. e4 fxe4 18. dxe4 Nb6 19. Nxd4 Nxd4 20. Bxd4 Qxd4
21. Nf1 Qd6 22. Ne3 c6 23. b4 axb4 24. axb4 Qd3 25. Qa2+ Bf7 26. Qa7 Qb5 27.
Qxb7 Nc4 28. Qxb5 cxb5 29. Nd5 Rd6 30. Red1 Kf8 31. Nc7 Rb8 32. Rxd6 Nxd6 33.
Rc5 Rb7 34. f4 Bc4 35. fxe5 Nf7 36. e6 Nd8 37. e5 Rb6 38. Bd5 Bxd5 39. Rxd5
Nxe6 40. Nxe6+ Rxe6 41. Rxb5 Kf7 42. Kf2 1-0

[Event "HUN-chT 9596"]
[Site "Hungary"]
[Date "1995.??.??"]
[Round "4"]
[White "Schneider, Attila"]
[Black "Adorjan, Andras"]
[Result "1/2-1/2"]
[WhiteElo "2360"]
[BlackElo "2530"]
[PlyCount "44"]
[EventDate "1995.??.??"]
[EventType "team"]
[EventRounds "13"]
[EventCountry "HUN"]
[Source "ChessBase"]
[SourceDate "1999.11.16"]
[WhiteTeamCountry "RUS"]
[BlackTeamCountry "HUN"]

1. c4 c5 2. g3 g6 3. Bg2 Bg7 4. Nc3 Nc6 5. e3 Nh6 6. Nge2 O-O 7. O-O d6 8. d3
Rb8 9. b3 Bd7 10. Bb2 Nf5 11. Qd2 a6 12. Nd5 e5 13. a4 b6 14. b4 a5 15. b5 Nb4
16. Nec3 Be6 17. Rae1 Ne7 18. e4 Qd7 19. f4 Bxd5 20. cxd5 exf4 21. gxf4 f5 22.
Nd1 Bd4+ 1/2-1/2

[Event "HUN-chT 9596"]
[Site "Hungary"]
[Date "1995.??.??"]
[Round "5"]
[White "Adorjan, Andras"]
[Black "Chernin, Alexander"]
[Result "0-1"]
[WhiteElo "2530"]
[BlackElo "2600"]
[PlyCount "48"]
[EventDate "1995.??.??"]
[EventType "team"]
[EventRounds "13"]
[EventCountry "HUN"]
[Source "ChessBase"]
[SourceDate "1999.11.16"]
[WhiteTeamCountry "RUS"]
[BlackTeamCountry "HUN"]

1. Nf3 d5 2. e3 c6 3. c4 Nf6 4. h3 g6 5. d4 Bg7 6. Nc3 O-O 7. Be2 c5 8. O-O
cxd4 9. exd4 Nc6 10. cxd5 Nxd5 11. Qb3 Nxc3 12. bxc3 b6 13. Rd1 Bb7 14. Bf4 Na5
15. Qb4 Rc8 16. Rac1 Bd5 17. c4 Nc6 18. Qa4 Bxf3 19. Bxf3 Nxd4 20. Qxa7 Rxc4
21. Kh1 Rxc1 22. Bxc1 Qc8 23. Qxb6 Nxf3 24. gxf3 Qxh3+ 0-1

[Event "HUN-chT 9596"]
[Site "Hungary"]
[Date "1995.??.??"]
[Round "6"]
[White "Szekely, Peter"]
[Black "Adorjan, Andras"]
[Result "1/2-1/2"]
[WhiteElo "2455"]
[BlackElo "2530"]
[PlyCount "72"]
[EventDate "1995.??.??"]
[EventType "team"]
[EventRounds "13"]
[EventCountry "HUN"]
[Source "ChessBase"]
[SourceDate "1999.11.16"]
[WhiteTeamCountry "RUS"]
[BlackTeamCountry "HUN"]

1. Nf3 Nf6 2. c4 c5 3. g3 b6 4. Bg2 Bb7 5. O-O e6 6. Nc3 d6 7. d4 cxd4 8. Qxd4
a6 9. Rd1 Be7 10. Bg5 Nbd7 11. Nd2 Bxg2 12. Kxg2 O-O 13. Nde4 Qc7 14. Nxf6+
Nxf6 15. Ne4 Qb7 16. f3 Nxe4 17. Bxe7 Qxe7 18. Qxe4 Rac8 19. a4 Qc7 20. b3 h6
21. Rd4 Qc5 22. Rad1 Qa3 23. R4d3 Rc7 24. R1d2 Rd8 25. Qf4 Rc6 26. Qe4 Qc5 27.
Rd4 Rdc8 28. Qd3 Qa3 29. Rxd6 Rxd6 30. Qxd6 Qxb3 31. a5 b5 32. Qxa6 Rxc4 33.
Qb6 Ra4 34. a6 Ra1 35. a7 Kh7 36. Qf2 Qa3 1/2-1/2

[Event "HUN-chT 9596"]
[Site "Hungary"]
[Date "1996.??.??"]
[Round "7"]
[White "Adorjan, Andras"]
[Black "Szuk, Balazs"]
[Result "1-0"]
[WhiteElo "2530"]
[BlackElo "2335"]
[PlyCount "55"]
[EventDate "1995.??.??"]
[EventType "team"]
[EventRounds "13"]
[EventCountry "HUN"]
[Source "ChessBase"]
[SourceDate "1999.11.16"]
[WhiteTeamCountry "RUS"]
[BlackTeamCountry "HUN"]

1. d4 Nf6 2. Nf3 g6 3. c4 Bg7 4. g3 O-O 5. Bg2 d6 6. Nc3 c5 7. d5 Na6 8. O-O
Nc7 9. a4 Rb8 10. Re1 a6 11. a5 b5 12. axb6 Rxb6 13. Ra3 e6 14. dxe6 Nxe6 15.
b3 Bd7 16. e4 Re8 17. Bb2 Qb8 18. e5 dxe5 19. Nxe5 Nd4 20. Nd5 Rxe5 21. Rxe5
Qxe5 22. Bxd4 cxd4 23. Nxb6 Bg4 24. Qa1 Qc5 25. Rxa6 h5 26. Nd5 Nxd5 27. Bxd5
d3 28. Rxg6 1-0

[Event "HUN-chT 9596"]
[Site "Hungary"]
[Date "1996.??.??"]
[Round "8"]
[White "Groszpeter, Attila"]
[Black "Adorjan, Andras"]
[Result "0-1"]
[WhiteElo "2520"]
[BlackElo "2530"]
[PlyCount "102"]
[EventDate "1995.??.??"]
[EventType "team"]
[EventRounds "13"]
[EventCountry "HUN"]
[Source "ChessBase"]
[SourceDate "1999.11.16"]
[WhiteTeamCountry "RUS"]
[BlackTeamCountry "HUN"]

1. e4 c5 2. Nf3 d6 3. d4 cxd4 4. Nxd4 Nf6 5. Nc3 a6 6. Bg5 e6 7. f4 Bd7 8. Qe2
h6 9. Bh4 Be7 10. O-O-O Nc6 11. Nf3 Qa5 12. Kb1 b5 13. Bxf6 Bxf6 14. e5 dxe5
15. fxe5 Be7 16. g3 Rd8 17. Bg2 O-O 18. Ne4 Nb4 19. Nc3 Qc7 20. Nd4 Nc6 21.
Nxc6 Bxc6 22. Bxc6 Qxc6 23. Qe4 Qc7 24. Ne2 Rxd1+ 25. Rxd1 Rd8 26. Rxd8+ Qxd8
27. Nd4 Bc5 28. c3 b4 29. Qd3 Qd5 30. Qxa6 bxc3 31. bxc3 Bxd4 32. cxd4 Qh1+ 33.
Kb2 Qxh2+ 34. Kc3 Qxg3+ 35. Kc4 Qg2 36. Kc3 Qf3+ 37. Kb4 h5 38. a4 h4 39. a5 h3
40. Qc8+ Kh7 41. Qc2+ Qf5 42. Qd2 Qf1 43. d5 exd5 44. Qg5 Qc4+ 45. Ka3 Qd3+ 46.
Kb4 Qg6 47. Qh4+ Qh6 48. Qf2 Qh5 49. a6 h2 50. Qc2+ g6 51. Qf2 h1=Q 0-1

[Event "HUN-chT 9596"]
[Site "Hungary"]
[Date "1996.??.??"]
[Round "11"]
[White "Adorjan, Andras"]
[Black "Wells, Peter"]
[Result "1/2-1/2"]
[WhiteElo "2530"]
[BlackElo "2530"]
[PlyCount "112"]
[EventDate "1995.??.??"]
[EventType "team"]
[EventRounds "13"]
[EventCountry "HUN"]
[Source "ChessBase"]
[SourceDate "1999.11.16"]
[WhiteTeamCountry "RUS"]
[BlackTeamCountry "HUN"]

1. e4 c5 2. Nf3 Nc6 3. Bb5 g6 4. O-O Bg7 5. Re1 Nf6 6. e5 Nd5 7. b3 O-O 8. Bb2
d6 9. Bxc6 bxc6 10. c4 Nf4 11. exd6 Bxb2 12. dxe7 Qd7 13. exf8=Q+ Kxf8 14. Nc3
Qg4 15. g3 Bxa1 16. Re4 Bxc3 17. Rxf4 Qd7 18. Ng5 f5 19. Nxh7+ Kg7 20. Qe2 Bxd2
21. Rh4 Qd6 22. Qd1 Bf4 23. Qf1 Be5 24. Ng5 f4 25. Qe2 Bf5 26. g4 Bf6 27. gxf5
Bxg5 28. Rg4 Re8 29. Qf3 Bf6 30. Kg2 Qe5 31. Rxg6+ Kf7 32. Qh5 Ke7 33. h3 Qe4+
34. Qf3 Qxf5 35. Rg4 Be5 36. Qxc6 f3+ 37. Qxf3 Qxf3+ 38. Kxf3 Rf8+ 39. Ke4 Ke6
40. f4 Bf6 41. f5+ Kd6 42. Rg6 Re8+ 43. Kf4 Ke7 44. Rg2 Kf7 45. Rd2 Bd4 46. Rg2
Rh8 47. Re2 Rxh3 48. Re6 a5 49. Ra6 Bc3 50. Ra7+ Kf6 51. Ra6+ Ke7 52. a3 Bd2+
53. Ke5 Re3+ 54. Kd5 Rxb3 55. Kxc5 Rxa3 56. Kd5 Bb4 1/2-1/2

[Event "HUN-ch"]
[Site "Budapest"]
[Date "1995.??.??"]
[Round "1"]
[White "Ruck, Robert"]
[Black "Adorjan, Andras"]
[Result "1/2-1/2"]
[WhiteElo "2435"]
[BlackElo "2530"]
[PlyCount "66"]
[EventDate "1995.01.??"]
[EventType "tourn"]
[EventRounds "11"]
[EventCountry "HUN"]
[EventCategory "10"]
[Source "ChessBase"]
[SourceDate "1995.06.01"]
[WhiteTeamCountry "RUS"]
[BlackTeamCountry "HUN"]

1. c4 c5 2. g3 g6 3. Bg2 Bg7 4. Nc3 Nc6 5. Nf3 e6 6. O-O Nge7 7. d4 Nxd4 8. Ne4
O-O 9. Nxc5 Nxf3+ 10. Bxf3 d5 11. cxd5 Nxd5 12. Qb3 b6 13. Nd3 Bb7 14. Bd2 Qd7
15. a4 Rfc8 16. a5 Ne7 17. Bxb7 Qxb7 18. axb6 Nf5 19. e3 h5 20. Bc3 Bxc3 21.
bxc3 axb6 22. Rxa8 Rxa8 23. h4 Kh7 24. Rb1 Rd8 25. c4 Qc7 26. Nf4 Rd6 27. Nh3
Rc6 28. Ng5+ Kg7 29. Qc3+ e5 30. Rb4 Ne7 31. Qb2 Nc8 32. Ne4 f6 33. f4 f5
1/2-1/2